Central Library OPAC University of Rajshahi

Christian education in India / (Record no. 47149)

MARC details
000 -LEADER
fixed length control field 01089nam a2200277 a 4500
001 - CONTROL NUMBER
control field 47149
003 - CONTROL NUMBER IDENTIFIER
rucl marc code BD-RjUL
005 - DATE AND TIME OF LATEST TRANSACTION
control field 20211209054251.0
008 - FIXED-LENGTH DATA ELEMENTS--GENERAL INFORMATION
fixed length control field 160807s1932 enk 000 0 eng d
035 ## - SYSTEM CONTROL NUMBER
System control number (BD-RjUL)47268
040 ## - CATALOGING SOURCE
Original cataloging agency DLC
Transcribing agency OCP
Modifying agency EQO
-- BD-RjUL
Language of cataloging eng
041 ## - LANGUAGE CODE
Language code of text/sound track or separate title eng
082 ## - DEWEY DECIMAL CLASSIFICATION NUMBER
Classification number 378.54
Edition number 23
Author mark and year ANC 1932
100 1# - MAIN ENTRY--PERSONAL NAME
Personal name Anderson, G.
Fuller form of name (George),
Dates associated with a name 1876-
9 (RLIN) 143571
245 10 - TITLE STATEMENT
Title Christian education in India /
Statement of responsibility, etc. by Sir George Anderson and the Rt. Rev. Henry Whitehead
260 ## - PUBLICATION, DISTRIBUTION, ETC. (IMPRINT)
Place of publication, distribution, etc. London :
Name of publisher, distributor, etc. Macmillan and Co., limited,
Date of publication, distribution, etc. 1932.
300 ## - PHYSICAL DESCRIPTION
Pagination viii, 116 p.
Size 20 cm
500 ## - GENERAL NOTE
General note Devoted largely to the examination of the Report of the Commission on Christian higher education in India, and its recommendations. cf. Introd
610 20 - SUBJECT ADDED ENTRY--CORPORATE NAME
Corporate name or jurisdiction name as entry element Commission on Christian higher education in India.
Subordinate unit The Christian college in India
650 #0 - SUBJECT ADDED ENTRY--TOPICAL TERM
Topical term or geographic name as entry element Church and college
9 (RLIN) 143573
Topical term or geographic name as entry element Universities and colleges
Geographic subdivision India
9 (RLIN) 143574
Topical term or geographic name as entry element Education, Higher
9 (RLIN) 143575
Topical term or geographic name as entry element Missions
Geographic subdivision India
9 (RLIN) 143576
700 1# - ADDED ENTRY--PERSONAL NAME
Personal name Whitehead, Henry,
Dates associated with a name 1853-1947.
942 ## - ADDED ENTRY ELEMENTS (KOHA)
Source of classification or shelving scheme Dewey Decimal Classification
Koha item type Books
Holdings
Lost status Source of classification or shelving scheme Damaged status Not for loan Collection code Permanent Location Current Location Shelving location Date acquired Total Checkouts Full call number Date last seen Copy number Koha item type
  Dewey Decimal Classification     Non-fiction Central Library, University of Rajshahi Central Library, University of Rajshahi   07/08/2016   378.54 ANC 1932 07/08/2016 C-2 Books